000 00480cam a2200181ua 4500
001 1214
008 110921n ii |||gr||||Z||||||eng
020 _a0-19-511954-1
040 _cMAIN
082 _a333.7
245 1 0 _aEnvironmental economics
_cby Charles D. Kolstad
260 _aNew Delhi:
_bOxford University Press,
_c2002.
300 _axi, 400p.:
_bill.;
_c20cm.
653 _aEconomics
653 _aEnvironmental economics
700 _aKolstad, Charles D.,
942 _cBK
999 _c1121
_d1121